| 000 | 00938cam a2200253 4500 | ||
|---|---|---|---|
| 001 | 2527 | ||
| 005 | 20181127165241.0 | ||
| 008 | 930128s1994 nyua b 000 1 eng | ||
| 010 | _a 93012217 | ||
| 020 | _a0393964523 | ||
| 100 | 1 |
_aDefoe, Daniel, _d1661?-1731. |
|
| 245 | 1 | 0 |
_aRobinson Crusoe : _ban authoritative text, contexts, criticism / _cDaniel Defoe ; edited by Michael Shinagel. |
| 250 | _a2nd ed. | ||
| 260 |
_aNew York : _bNorton, _c1994. |
||
| 300 |
_aviii, 436 p. : _bill. ; _c22 cm. |
||
| 490 | 0 | _aA Norton critical edition | |
| 504 | _aIncludes bibliographical references (p. 435-436) | ||
| 600 | 1 | 0 |
_aDefoe, Daniel, _d1661?-1731. _tRobinson Crusoe. |
| 650 | 0 |
_aCrusoe, Robinson (Fictitious character) _vFiction. |
|
| 650 | 0 |
_aShipwreck survival _vFiction. |
|
| 655 | 7 |
_aAdventure fiction. _2gsafd |
|
| 700 | 1 | _aShinagel, Michael. | |
| 856 |
_a _uhttp://www2.hn.psu.edu/faculty/jmanis/defoe/crusoe.pdf _yRobinson Crusoe _z _3 |
||
| 999 |
_c2013 _d2013 |
||